000 00373pab a2200133 454500
008 180718b xxu||||| |||| 00| 0 eng d
100 _aMcKeown, Penny
245 _aEducation reform in Northern Ireland: maintaining the distance
650 _a Education
650 _aEducation - Ireland
700 _aConnolly, Michael
773 _aJournal of Social Policy
909 _a22104
999 _c22104
_d22104